BUSINESS STRATEGY MANAGING UNCERTAINTY O (Record no. 23209)

MARC details
000 -LEADER
fixed length control field 00369nam a2200133Ia 4500
008 - FIXED-LENGTH DATA ELEMENTS--GENERAL INFORMATION
fixed length control field 240624s9999 xx 000 0 und d
041 ## - LANGUAGE CODE
Language code of text/sound track or separate title eng
082 ## - DEWEY DECIMAL CLASSIFICATION NUMBER
Classification number 658.4012 SPE
100 ## - MAIN ENTRY--PERSONAL NAME
Personal name SPENDER J C
245 ## - TITLE STATEMENT
Title BUSINESS STRATEGY MANAGING UNCERTAINTY O
260 ## - PUBLICATION, DISTRIBUTION, ETC.
Date of publication, distribution, etc. 2014
Place of publication, distribution, etc. United Kingdom
Name of publisher, distributor, etc. Oxford International
300 ## - PHYSICAL DESCRIPTION
Extent xxiv, : 314 : p. : cm. ; 24
365 ## - TRADE PRICE
Currency code GBP
Price amount 29
Holdings
Withdrawn status Lost status Damaged status Not for loan Home library Current library Shelving location Date acquired Source of acquisition Cost, normal purchase price Full call number Barcode Date last seen Copy number Price effective from Koha item type
        IMTN IMTN Rack 27-B 09/29/2014 RW 25.00 658.4012 SPE 23209 06/24/2024 107.6 06/24/2024 Books
Designed & Maintained by: LRC IMT Nagpur Contact: lrc@imtnag.ac.in© 2024. All Rights Reserved.